00734cam a2200229 a 450000100070000000500170000700800410002402000150006502000220008004000180010208200230012010000180014324501410016125000090030226000580031130000190036965000220038865000190041065000260042970000270045570000220048265566220240220010352.0940902r19941994cau b 001 0 eng d a0745612776 a0745612784 (pbk.) aNHCcNHCdDLC 222a320.954.bREF.1 aBeck, Ulrich,10aReflexive modernization :bpolitics, tradition and aesthetics in the modern social order /cUlrich Beck, Anthony Giddens and Scott Lash. a1st. aStanford, Calif. :bStanford University Press,c1994. aviii, 225 p. ; 0aSocial structure. 0aPostmodernism. 0aCivilization, Modern.1 aGiddens, Anthony.eedt1 aLash, Scott.eedt